Ukraine - Northern Ireland UEFA Euro 2016 - Statistics

General Stats
  • This quiz has been taken 29 times
  • The average score is 8 of 30
Answer Stats
Answer % Correct
Corry Evans
67%
Jonathan Evans
67%
Andrei Pyatov
58%
Andriy Yarmolenko
58%
Yevhen Konoplyanka
58%
Steven Davis
46%
Gareth McAuley ¹
42%
Michael McGovern
38%
Conor Washington
33%
Michael O'Neill
33%
Josh Magennis
29%
Paddy McNair
29%
Craig Cathcart
25%
Aaron Hughes
21%
Niall McGinn ¹
21%
Oleksandr Zinchenko
21%
Taras Stepanenko
21%
Oliver Norwood
17%
Viktor Kovalenko
17%
Jamie Ward
13%
Yaroslav Rakitskiy
13%
Mykhailo Fomenko
8%
Roman Zozulya
8%
Stuart Dallas
8%
Artem Fedetskyi
4%
Denys Garmash
4%
Serhiy Sydorchuk
4%
Viatcheslav Shevchuk
4%
Yevhen Khacheridi
4%
Yevhen Seleznyov
4%
No matching quizzes found
Score Distribution
Percent of People with Each Score
Percentile by Number Answered
Your Score History
You have not taken this quiz